Op-Amps and Linear Integrated Circuits (Record no. 1215)

MARC details
000 -LEADER
Fixed length control field 00500nam a2200181 4500
003 - CONTROL NUMBER IDENTIFIER
Control field SEACOMEC
005 - DATE AND TIME OF LATEST TRANSACTION
Control field 20240524145332.0
008 - FIXED-LENGTH DATA ELEMENTS--GENERAL INFORMATION
Fixed length control field 240524b |||||||| |||| 00| 0 eng d
020 ## - INTERNATIONAL STANDARD BOOK NUMBER / ISBN
International Standard Book Number 8129708450
Price Rs.195.00
040 ## - CATALOGING SOURCE
Original cataloging agency SEACOMEC
082 ## - DEWEY DECIMAL CLASSIFICATION NUMBER
Classification number 621.381535
Book Number G285
100 ## - MAIN ENTRY--PERSONAL NAME
Personal name Gayakwad,Ramakant A
245 1# - TITLE STATEMENT
Title Op-Amps and Linear Integrated Circuits
Statement of responsibility Ramakant A Gayakwad
250 ## - EDITION STATEMENT
Edition statement 4th ed.
260 ## - IMPRINT
Place of publication Delhi
Name of publisher Pearson Education
Date of publication 2007
650 ## - SUBJECT ADDED ENTRY--TOPICAL TERM
Topical term Operational Amplifiers
942 ## - ADDED ENTRY ELEMENTS (KOHA)
Koha item type Books

No items available.

© Seacom Engineering College, All rights reserved.      Powered by Koha